| 000 | 00825cam a2200241 4500 | ||
|---|---|---|---|
| 001 | 1251975 | ||
| 005 | 19840924000000.0 | ||
| 008 | 731017s1974 nyua b 001 0 eng | ||
| 010 | _a 73018184 | ||
| 020 | _a0070347352 | ||
| 040 |
_aDLC _cDLC _dDLC |
||
| 050 | 0 | 0 |
_aHT1521 _b.K56 1974 |
| 100 | 1 | _aKinloch, Graham Charles. | |
| 245 | 1 | 4 |
_aThe dynamics of race relations: _ba sociological analysis _c[by] Graham C. Kinloch. |
| 260 |
_aNew York, _bMcGraw-Hill _c[1974] |
||
| 300 |
_axi, 305 p. _billus. _c21 cm. |
||
| 504 | _aBibliography: p. 247-293. | ||
| 650 | 0 | _aRace relations. | |
| 650 | 0 | _aRace problems | |
| 906 |
_a7 _bcbc _corignew _d1 _eocip _f19 _gy-gencatlg |
||
| 942 |
_2lcc _cBK |
||
| 999 |
_c39646 _d39646 |
||